Najlepsi strzelcy Reprezentacji Polski - Statystyki

Ogólne statystyki
  • Ten quiz został rozwiązany 14 690 razy
    10 743 od ostatniego zresetowania
  • Średni wynik to 8 z 22
Statystyki odpowiedzi
Bramki Piłkarz % Poprawnych
61 Robert Lewandowski
100%
45 Grzegorz Lato
73%
21 Jakub Błaszczykowski
73%
24 Zbigniew Boniek
73%
41 Kazimierz Deyna
65%
20 Euzebiusz Smolarek
53%
13 Włodzimierz Smolarek
52%
13 Kamil Grosicki
51%
48 Włodzimierz Lubański
45%
32 Andrzej Szarmach
30%
15 Jacek Krzynówek
27%
14 Arkadiusz Milik
25%
17 Maciej Żurawski
24%
39 Ernest Pohl
18%
21 Ernest Wilimowski
18%
16 Robert Gadocha
16%
19 Roman Kosecki
11%
13 Andrzej Juskowiak
10%
27 Gerard Cieślik
10%
18 Lucjan Brychczy
9%
20 Dariusz Dziekanowski
8%
16 Józef Nawrot
2%
Nie znaleziono quizów pasujących do podanych kryteriów
Rozkład punktacji
Procent ludzi z każdym wynikiem
Percentyl według liczby udzielonych odpowiedzi
Twoja historia wyników
Nie rozwiązałeś tego quizu od ostatniego zresetowania